LEADER 01393nam a2200325 u 4500 001 000000073509 003 CaOOAMICUS 005 20070226122347.0 008 020710s2001 gw u000 u ger u 020 $a3451021935 035 $a10936231 040 $aPUL$bita 245 04$aDie Aufhebung diktatorischer Unrechtsurteile /$cunter Mitarbeitet von Ernst Feil ... [et al.] hrsg. von Ilona Riedel-Spangenberger. 260 $aFreiburg :$bHerder,$c2001. 300 $a180 p. ;$c22 cm 490 1 $aQuaestiones disputatae ;$v193 500 $aComprende indice. 504 $aBibliografia in nota. 650 4$aDittatura.$0(OLS)http://pul/subject/25749 650 4$aGiustizia.$0(OLS)http://pul/subject/5671 700 1 $aSternberg, Thomas,$d1952-$0(OLS)http://pul/name/41738 700 1 $aRiedel-Spangenberger, Ilona-Ursula.$0(OLS)http://pul/name/38027 830 0$aQuaestiones disputatae (Herder) ;$v193.$0(OLS)http://pul/title/18243 850 $aPUL 852 $aPUL$W1$xSL Religione 2$y84$mTheol A6 193$j94975$nBK-PRI$b $qStampati altre collocazioni$B94975$CPULBib$Z2$F94975 $H $81 941 1 $a10 961 $aINV: 88324 996 $6020$a3451021935$9(OLS)http://pul/number/94851 996 $6245$aDie Aufhebung diktatorischer Unrechtsurteile$9(OLS)http://pul/title/96569 996 $6260$aFreiburg :$bHerder$9(OLS)http://pul/publisher/48354 LEADER 01863nam a2200361 u 4500 001 000000006482 003 CaOOAMICUS 005 20150921182559.0 008 941210s1983 it cf u000 u ita u 020 $a8838234876 035 $a10167730 040 $aPUL(R)$bita 245 03$aIl cardinale Gaetano Cicognani (1881-1962) :$bnote per una biografia /$cFranco Gualdrini ... [et al.] ; presentazione di mons. Achille Silvestrini. 260 $aRoma :$bEdizioni Studium,$cc1983. 300 $axviii, 340 p., [1] c. di tav.$bill.$c21 cm 490 1 $aCoscienza.$aStudi ;$v11 600 14$aCicognani, Gaetano,$ccard.,$d1881-1962.$0(OLS)http://pul/subject/5766 700 1 $aGualdrini, Franco.$0(OLS)http://pul/name/6602 700 1 $aSilvestrini, Achille,$ccard.,$d1923-$0(OLS)http://pul/name/6601 830 0$aCoscienza.$pStudi ;$v11.$0(OLS)http://pul/title/9531 850 $aPUL 852 $aPUL$W1$xSL Filosofia 1$y2$m114 I 2$j9202$nBK-PRI$b $qStampati$B9202$CPULBib$Z2$F9202 $H $81 852 $aPUL$W1$xDP1 Fondo Maccarrone$y58$m1513 B 22$j9200$nBK-PRI$b $qFondi$B9200$CPULBib$Z2$F9200 $H $81 852 $aPUL$W1$xDP1 Fondo Maccarrone$y58$m1514 G 33$j9201$nBK-PRI$b $qFondi$B9201$CPULBib$Z2$F9201 $H $81 852 $aPUL$W1$xDP1 Fondo S. Lanza$y121$m3 P 100$j168865$qFondi$B169502$CPULBib$Z2$F169502 $HLAN1684 $82 941 1 $a8 941 1 $a1 961 $aINV: 2947. Fondo Maccarrone. 961 $aINV: 3493.F.Maccarrone 961 $aINV: 51103 996 $6020$a8838234876$9(OLS)http://pul/number/8348 996 $6245$aIl cardinale Gaetano Cicognani (1881-1962) :$bnote per una biografia$9(OLS)http://pul/title/9530 996 $6260$aRoma :$bEdizioni Studium$9(OLS)http://pul/publisher/49092